Statistics for Mystery Taylor Swift Song #15

Click here to take the quiz!

General Stats

  • This quiz has been taken 765 times
    (656 since last reset)
  • The average score is 23 of 97

Answer Stats

Song% Correct
I
85%
a
77%
you
77%
sing
68%
the
68%
me.
67%
Single
67%
and
62%
on
61%
your
60%
do.
56%
do
56%
to
56%
in
54%
where
52%
you’re
52%
you're
52%
is
50%
so
49%
no
47%
what
45%
don't
44%
that
43%
if
42%
too
42%
know
40%
all
38%
But
38%
not
37%
can't
34%
think
29%
way
23%
baby
22%
out
22%
here
21%
live
21%
about
20%
'bout
20%
down
19%
won't
18%
back
17%
Bet
17%
bet
17%
get
17%
got
17%
without
17%
need
16%
Yeah
16%
care
14%
always
13%
goin'
13%
went
13%
home
12%
stay
12%
highway
11%
let
11%
song
11%
alone
10%
goes
10%
stop
10%
wrong
10%
tear
9%
coming
8%
first
8%
going
8%
Highway Don't Care
8%
lost
8%
around
7%
phone
7%
'til
7%
trying
7%
along
6%
dry
6%
ear
6%
fall
6%
fast
6%
hold
6%
idea
6%
radio
6%
tears
6%
turn
6%
alive
5%
hair's
5%
pulled
5%
rolled
5%
talking
5%
tonight
5%
window's
5%
awake
4%
dead
4%
seat
4%
shotgun
4%
sound
4%
bending
3%
cell
3%
God's
3%
turning
3%

Score Distribution

Percentile by Number Answered

Percent of People with Each Score

Your Score History

You have not taken this quiz since the last reset